000 00603nam a2200241Ia 4500
003 OSt
005 20221005120212.0
006 a|||||r|||| 00| 0
007 ta
008 221004b |||||||| |||| 00| 0 mal d
024 _a58445
037 _cTextual
040 _aCRL
_cCRL
_bmal
041 _2mal
_amal
082 _aQ25:221, 32M0
100 _aMenon Raman Au.
_9576593
245 0 _aDevi puranam
260 _c1980
650 _a RELIGION
650 _aMALAYALAM LITERATURE
_938866
942 _hQ25:221, 32M0
_cTEXL
_2cc
999 _c1037161
_d1037161